000 00289nam a22001337a 4500
008 180914b xxu||||| |||| 00| 0 eng d
020 _a847003
041 _aeng
080 _a616
100 _a9
101 _aPAT
245 _aA Handbook of Stuttering
_cBloodstein, O
942 _2udc
_cBK
999 _c47770
_d47770